Loading...
| Literature - World Literature | 1 | 1 | 0 | 0 | 25 | 77 | 77.00 | 1 | 2 |
| History - World History | 1 | 1 | 0 | 1 | 25 | 66 | 96.50 | 1 | 2 |
| Philosophy | 0 | 2 | 0 | 2 | 20 | 129 | 129.50 | 0 | 0 |
| History - Other History | 0 | 2 | 0 | 0 | 20 | 84 | 87.00 | 1 | 2 |
| Pop Culture | 1 | 1 | 1 | 0 | 20 | 52 | 66.50 | 0 | 1 |
| Literature - American Literature | 0 | 2 | 1 | 0 | 15 | 102 | 113.00 | 0 | 1 |
| Social Science | 0 | 1 | 0 | 0 | 10 | 112 | 112.00 | 0 | 1 |
| Literature - British Literature | 0 | 1 | 0 | 0 | 10 | 132 | 132.00 | 1 | 1 |
| Religion | 0 | 1 | 0 | 0 | 10 | 126 | 126.00 | 0 | 0 |
| Fine Arts - Other Fine Arts | 0 | 1 | 0 | 0 | 10 | 87 | 87.00 | 0 | 1 |
| History - European History | 1 | 0 | 2 | 0 | 5 | 46 | 46.00 | 0 | 1 |
| Mythology | 0 | 0 | 1 | 0 | -5 | 0.00 | 0 | 0 |